000 00280nam a2200109Ia 4500
008 190216s9999||||xx |||||||||||||| ||und||
100 _aFrederick S Hillier & Girald J Lieberman
245 0 _aOperations Research
260 _bCbs Publishers
_c1994
300 _a800p
942 _cBK
999 _c7726
_d7726